000 01048nam a22003137a 4500
001 BR7503653
003 BR-BrBNA
005 20230928084820.0
007 ta
008 230509b bl.||||| |||| 00| 0 por d
040 _aBR-BrBNA
_bpor
_cBiblioteca Nacional de Agricultura
041 _a(Por)
072 _aN00; N20
_b/G514
090 _ N00 BR7503653
100 1 _aCorreia Filho, F.
110 1 _aAssociacao de Credito e Assistencia Rural do Estado do Maranhao, Sao Luis (Brasil)
_9490
245 1 _aVantagem e principios da Mecanizacao agricola a tracao animal [Maranhao, Brasil]
260 3 _aSao Luis, MA (Brasil):
_c1975.
300 _a7 p.
500 _a3 illus. (*) Documento disponível na(o) Associacao de Credito e Assistencia Rural do Estado do Maranhao, Sao Luis (Brazil)
650 _aPLANEJAMENTO AGRICOLA
650 _aPRODUCAO VEGETAL
650 _aMECANIZACAO AGRICOLA
650 _aTECNOLOGIA AGRICOLA
650 _aTRACAO ANIMAL
650 _aMARANHAO
909 _a202309
_bLucia
_c55
_dLucia Elande
942 _cBK
999 _c21252
_d21252